| 000 | 01246nam a2200385 i 4500 | ||
|---|---|---|---|
| 001 | 263 | ||
| 003 | KOSZ 005 | ||
| 005 | 20200406104710.0 | ||
| 008 | 070517s1973 pl a f f |000 0 pol | ||
| 015 | _aPB 1973/8362 | ||
| 035 | _a(OCoLC)812620287 | ||
| 040 |
_aWA N _cWAN _dKOSZ 500/EG |
||
| 041 | _apol | ||
| 046 | _k1973 | ||
| 080 | _a624.01/.07:531 | ||
| 080 | _a(075.8) | ||
| 100 | 1 |
_aChudzikiewicz, Andrzej _d(1949- ) _eAutor |
|
| 245 | 1 | 0 |
_aStatyka budowli. _nCz. 2 / _cAndrzej Chudzikiewicz. |
| 260 |
_aWarszawa : _bPaństwowe Wydawnictwo Naukowe, _c1973. |
||
| 300 |
_a490, [1] s. : _bil. ; _c23 cm. |
||
| 336 |
_2rdacontent _aTekst _btxt |
||
| 337 |
_2rdamedia _aBez urządzenia pośredniczącego _bn |
||
| 338 |
_2rdacarrier _aWolumin _bnc |
||
| 380 | _aKsiążki | ||
| 380 | _aPublikacje dydaktyczne | ||
| 385 |
_mPoziom nauczania _aSzkoły wyższe |
||
| 388 | _a1901-2000 | ||
| 388 | _a1945-1989 | ||
| 650 | 7 | _aStatyka budowlana | |
| 655 | 7 | _aPodręczniki akademickie | |
| 658 | _aArchitektura i budownictwo | ||
| 710 | 2 |
_aPaństwowe Wydawnictwo Naukowe _4pbl. |
|
| 856 |
_uhttp://koha.tu.koszalin.pl/cgi-bin/koha/opac-detail.pl?biblionumber=263 _yKatalog online BPK |
||
| 942 |
_2UKD _cKS |
||
| 999 |
_c263 _d263 |
||